| 000 | nam a22 a 4500 | ||
|---|---|---|---|
| 999 |
_c3592 _d3592 |
||
| 005 | 20170523115159.0 | ||
| 008 | 170523b1982 xxu||||| |||| 00| 0 eng d | ||
| 020 | _aWheaton Ill : |b Merton Ho, |c 1980. | ||
| 040 | _aAKMAL | ||
| 082 | _a658.8 NIC | ||
| 090 |
_a658.8 _bNIC |
||
| 100 |
_aNickels, Williams G. _97134 |
||
| 245 |
_aMarketing principles / _cWilliam G. Nickels. |
||
| 250 | _a2nd ed. | ||
| 260 |
_aEnglewood Cliffs _aLondon _bPrentice-Hall _cc1982. |
||
| 300 |
_axxiii,648p. _bill., facsims. _c25cm |
||
| 500 | _aPrevious ed.: 1978. | ||
| 500 | _aIncludes index. | ||
| 650 |
_aMarketing. _97031 |
||
| 942 |
_2ddc _cBOOK |
||